| 000 | 00665nam a22002417a 4500 | ||
|---|---|---|---|
| 003 | UA-OsUOA | ||
| 001 | 95530 | ||
| 007 | ta | ||
| 008 | 20130304b un ||||| |||| 00| 0 ukr d | ||
| 090 |
_a821.161.2 _bС91 |
||
| 942 | _cBK | ||
| 040 |
_aUA-OsUOA _bukr _cUA-OsUOA _dUA-OsUOA |
||
| 245 | _aСучасні українські поети | ||
| 300 | _a124 с. | ||
| 955 | _a3 | ||
| 041 | _aukr | ||
| 080 | _a821.161.2 | ||
| 591 | _aЖулинський М. Г. | ||
| 260 |
_aЦернауті _bСамостійна думка _c1936 |
||
| 250 | _nвип. 1 | ||
| 650 | 7 |
_a82 Література. Літературознавство _2UDC |
|
| 999 |
_c381778 _d381778 |
||